000
00322nam a22001337a 4500
020
_a
81-207-1308-7
082
_a
370
_b
SIN/S
100
_a
SINGHA, H S
245
_a
SCHOOL EDUCATION IN INDIA
260
_a
DELHI
_b
STERLING PUBLISHERS
_c
1991
300
_a
194
650
_a
CONTEMPORARY ISSUES AND TRENDS
_z
INDIA
942
_c
BK
999
_c
5433
_d
5433